MCU actors by years in the MCU - Statistics

General Stats
  • This quiz has been taken 132 times
    47 since last reset
  • The average score is 12 of 19
Answer Stats
First movie Last movie Actor/actress % Correct
Iron Man (2008) Avengers: Endgame (2019) Robert Downey Jr.
92%
Thor (2011) Thor: Love and Thunder (2022) Chris Hemsworth
89%
Iron Man (2008) The Marvels (2023) Samuel L. Jackson
86%
Iron Man 2 (2010) Black Widow (2021) Scarlett Johansson
86%
Captain America: The First Avenger (2011) Deadpool and Wolverine (2024) Chris Evans
81%
The Avengers (2012) She-Hulk (2022) Mark Ruffalo
81%
Thor (2011) Loki (2023) Tom Hiddleston
81%
Thor (2011) Hawkeye (2021) Jeremy Renner
78%
Thor (2011) Thor: Love and Thunder (2022) Natalie Portman
69%
Captain America: The Winter Soldier (2014) Captain America: Brave New World (2025) Anthony Mackie
67%
Captain America: The First Avenger (2011) The Falcon and the Winter Soldier (2021) Sebastian Stan
64%
Iron Man (2008) Avengers: Endgame (2019) Gwyneth Paltrow
56%
Iron Man (2008) Deadpool and Wolverine (2024) Jon Favreau
47%
Iron Man (2008) WandaVision (2021) Paul Bettany
39%
Iron Man 2 (2010) Secret Invasion (2023) Don Cheadle
36%
Thor (2011) Thor: Love and Thunder (2022) Idris Elba
31%
Iron Man (2008) Agents of SHIELD (2020) Clark Gregg
28%
Thor (2011) Thor: Love and Thunder (2022) Stellan Skarsgard
25%
Thor (2011) Thor: Love and Thunder (2022) Kat Dennings
17%
No matching quizzes found
Score Distribution
Percent of People with Each Score
Percentile by Number Answered
Your Score History
You have not taken this quiz since the last reset